000 00840nam a2200253 a 4500
001 000045871
003 DO-SdBNP
005 20250630104259.0
008 091028s2015 dr 000 j spa d
040 _aDO-SdBNP
_bspa
_cBNPHU
082 4 _aRD863.44
_bC117a, 2015
_222
100 1 _aCabral, Euri
_91097
245 1 0 _aAmor de Mariposas y otros relatos /
_cEuri Cabral.
250 _a2a. ed. corr. y ampliada.
260 _aSanto Domingo :
_bIanna,
_c2015
300 _a173 p. ;
_c23 cm.
500 _aIncluye datos biográficos del autor en las solapas
590 _aInventariado, 2020/MFF
650 4 _aCuentos dominicanos
_9176
650 0 _aLiteratura dominicana.
_967
651 4 _aRepública Dominicana
_xHistoria
_yEra de Trujillo, 1930-1961
_vCuentos
_978796
910 _aValidado. Control de calidad MFF
942 _2ddc
_cLBS1
999 _c45360
_d45360